000 00655nam a2200193Ia 4500
003 GCL
008 140319s9999 xx 000 0 ara d
040 _aGCL /
_cGCL
082 0 4 _a811.9
_bص م
100 1 _aصفاء البيلى
245 1 0 _aما اكتشفته البنت الجميلة من التفاصيل الغائبة /
_cصفاء البيلى
300 _a131 ص
490 _aاصوات ادبية
_v0
650 0 4 _aالادب العربى
650 0 4 _aالشعر العربى - دواوين وقصائد
650 0 4 _aالشعر العربى - العصر الحديث
650 0 4 _aالشعر العربى - مصر
942 _2ddc
_cBK
999 _c50754
_d50754